Регионална библиотека "Любен Каравелов" - Русе

Очерки истории украинской литературы XIX столетия (Запис номер 390375)

MARC детайли
000 -Лидер
Контролно поле с фиксирана дължина nam a22 a 4500
003 - Код на организацията, давaща контролен номер
Контролно поле BLK
005 - Дата и час на последна редакция
Контролно поле 20201020152144.0
008 - Елементи от данни с фиксирана дължина
fixed length control field 180409b bul|||||r ||||||| ||bul||
010 ## - Наследен системен номер
LC control number KNG00135496000
040 ## - Източник на каталожния запис
Идентификатор на билиотеката - собственик на записа BLK
041 ## - Код за език
Код за езика на текст/звукозапис или на отделно заглавие Руски
Код за езика КДБФ Руски
072 #7 - Код за тематичната категория
Код организация bullib
Код за тематична категория Ц
Текст Редки и ценни
080 ## - УДК
Текстов определител УДК Украинска литература
УДК код - определител по УДК 821.161.2
УДК определител .09
УДК - код + определител 821.161.2.09
100 ## - Редна дума - Автор
R(LIN) 1299
Автор Петров, Николай Иванович
Авторска отговорност първи автор
139 ## - Редно поле
Редна дума Петров, Николай Иванович
245 10 - Сведения за заглавието
Заглавие Очерки истории украинской литературы XIX столетия
Редно поле (дума) [Соч.] Н.И. Петрова
246 ## - Различни форми на заглавието
Паралелно заглавие Очерки истории украинской литературы девятнадцатого столетия
257 ## - Страна на издаване
Страна на създаване/издаване Украйна
260 ## - Област на издателските данни
Име на издателя, разпространителя и проч. тип. И. и А. Давиденко
Година на издаване 1884
Място на издаване, разпространение и проч. Киев
9 (RLIN) 435424
300 ## - Физическа характеристика
Страници IV, 458, XV с.
Размери/Мащаб 22 см
380 ## - Жанр
Жанр Общ отдел
490 ## - СЕРИИ (Колекции)
9 (RLIN) 435080
Име на серия Колекция Редки и ценни издания
650 #7 - Допълнително описание по предмет – тема
Основно описание – тема или топоним Литературознание
9 (RLIN) 160629
852 ## - Местоположение
Форматна сигнатура Рр 884
Фондова буква Редки и ценни
856 4# - Електронен адрес и достъп
Електронен формат pdf - файл
999 ## - СИСТЕМНИ КОНТРОЛНИ НОМЕРА
Koha biblionumber 390375
Koha biblioitemnumber 390375
942 ## - АРТИКУЛИ
Вид на библиотечния материал Книги
Скрит в OPAC Не
Периодичен библиозапис Да
944 ## - СЪЗДАВАНЕ И РЕДАКЦИЯ на ЗАПИСА
Създаване/Редакция Създаване
Дата на регистрацията/редакция 23.10.2012
Статус, дата на статуса ф / 23.10.2012
Служител, извършил регистрацията/редакцията Наталия_Медовщикова
944 ## - СЪЗДАВАНЕ И РЕДАКЦИЯ на ЗАПИСА
Създаване/Редакция Редакция
Дата на регистрацията/редакция 2020-10-20
999 ## - СИСТЕМНИ КОНТРОЛНИ НОМЕРА
Koha biblioitemnumber 129753
Наличности
Код за отписване Код за изгубен артикул Източник на класификационната схема Код за повреда Коз за рестрикции Код за отдаване Артикулен № Име на библиотеката - собственик Име на библиотеката, в която се намира в момента Статус (Текущо местоположение) Дата на вписване в системата Местоположение - отдел Цена в лева Инвентарен номер Систематично азбучна сигнатура Баркод Цена в евро Служебен тип на артикула
  Не е изгубен Universal Decimal Classification Не е повреден само за читалня Специални фондове ( старопечатни, редки и ценни, фонд М. Арнаудов) 803802 Регионална библиотека "Любен Каравелов" Русе Регионална библиотека "Любен Каравелов" Русе Редки и ценни 2020-10-22 Редки и ценни 0.92 8275/58 Рр 884 900000036736 0.47 Книги
Vip Innovations Ltd, Rousse, Bulgaria 2025